<?xml version="1.0" encoding="UTF-8"?>
<collection xmlns="http://www.loc.gov/MARC21/slim">
 <record>
  <leader>01808nam a22002537a 4500</leader>
  <controlfield tag="001">NCT_39417</controlfield>
  <controlfield tag="008">180608b        xxu||||| |||| 00| 0 vie d</controlfield>
  <datafield tag="999" ind1=" " ind2=" ">
   <subfield code="c">1901</subfield>
   <subfield code="d">1901</subfield>
  </datafield>
  <datafield tag="020" ind1=" " ind2=" ">
   <subfield code="c">26000</subfield>
  </datafield>
  <datafield tag="082" ind1="0" ind2="4">
   <subfield code="2">23rd ed.</subfield>
   <subfield code="a">547.2</subfield>
   <subfield code="b">T121/T.1</subfield>
  </datafield>
  <datafield tag="100" ind1="1" ind2=" ">
   <subfield code="a">Phan Minh Tân</subfield>
  </datafield>
  <datafield tag="245" ind1="1" ind2="0">
   <subfield code="a">Tổng hợp hữu cơ và hóa dầu</subfield>
   <subfield code="n">Tập 1</subfield>
   <subfield code="c">Phan Minh Tân</subfield>
  </datafield>
  <datafield tag="250" ind1=" " ind2=" ">
   <subfield code="a">Tái bản lần thứ nhất</subfield>
  </datafield>
  <datafield tag="260" ind1=" " ind2=" ">
   <subfield code="a">TP. Hồ Chí Minh</subfield>
   <subfield code="b">Đại học quốc gia TP. Hồ Chí Minh</subfield>
   <subfield code="c">2005</subfield>
  </datafield>
  <datafield tag="300" ind1=" " ind2=" ">
   <subfield code="a">266 tr.</subfield>
   <subfield code="c">24 cm</subfield>
  </datafield>
  <datafield tag="520" ind1="3" ind2=" ">
   <subfield code="a">Nội dung tập 1 gồm 4 chương: Chương 1: Những nguyên liệu cho quá trình tổng hợp hóa dầu và hữu cơ cơ bản Chương 2: Các quá trình ALKYL hóa Chương 3: Các quá trình ĐEHYDRO hóa và HYDRO hóa Chương 4: Tổng hợp trên cơ sở OXYT CARBON.</subfield>
  </datafield>
  <datafield tag="653" ind1=" " ind2=" ">
   <subfield code="a">Công nghệ kỹ thuật hóa học</subfield>
  </datafield>
  <datafield tag="942" ind1=" " ind2=" ">
   <subfield code="2">ddc</subfield>
   <subfield code="c">BK</subfield>
  </datafield>
  <datafield tag="952" ind1=" " ind2=" ">
   <subfield code="0">0</subfield>
   <subfield code="1">0</subfield>
   <subfield code="2">ddc</subfield>
   <subfield code="4">0</subfield>
   <subfield code="6">547_200000000000000_T121_T_1</subfield>
   <subfield code="7">0</subfield>
   <subfield code="9">9795</subfield>
   <subfield code="a">000001</subfield>
   <subfield code="b">000001</subfield>
   <subfield code="d">2018-06-08</subfield>
   <subfield code="o">547.2 T121/T.1</subfield>
   <subfield code="p">MD.09185</subfield>
   <subfield code="r">2018-06-08</subfield>
   <subfield code="v">26000.00</subfield>
   <subfield code="w">2018-06-08</subfield>
   <subfield code="y">BK</subfield>
  </datafield>
  <datafield tag="952" ind1=" " ind2=" ">
   <subfield code="0">0</subfield>
   <subfield code="1">0</subfield>
   <subfield code="2">ddc</subfield>
   <subfield code="4">0</subfield>
   <subfield code="6">547_200000000000000_T121_T_1</subfield>
   <subfield code="7">0</subfield>
   <subfield code="9">9796</subfield>
   <subfield code="a">000001</subfield>
   <subfield code="b">000001</subfield>
   <subfield code="d">2018-06-08</subfield>
   <subfield code="o">547.2 T121/T.1</subfield>
   <subfield code="p">MD.09186</subfield>
   <subfield code="r">2018-06-08</subfield>
   <subfield code="v">26000.00</subfield>
   <subfield code="w">2018-06-08</subfield>
   <subfield code="y">BK</subfield>
  </datafield>
  <datafield tag="952" ind1=" " ind2=" ">
   <subfield code="0">0</subfield>
   <subfield code="1">0</subfield>
   <subfield code="2">ddc</subfield>
   <subfield code="4">0</subfield>
   <subfield code="6">547_200000000000000_T121_T_1</subfield>
   <subfield code="7">0</subfield>
   <subfield code="9">9797</subfield>
   <subfield code="a">000001</subfield>
   <subfield code="b">000001</subfield>
   <subfield code="d">2018-06-08</subfield>
   <subfield code="o">547.2 T121/T.1</subfield>
   <subfield code="p">MD.09187</subfield>
   <subfield code="r">2018-06-08</subfield>
   <subfield code="v">26000.00</subfield>
   <subfield code="w">2018-06-08</subfield>
   <subfield code="y">BK</subfield>
  </datafield>
  <datafield tag="952" ind1=" " ind2=" ">
   <subfield code="0">0</subfield>
   <subfield code="1">0</subfield>
   <subfield code="2">ddc</subfield>
   <subfield code="4">0</subfield>
   <subfield code="6">547_200000000000000_T121_T_1</subfield>
   <subfield code="7">0</subfield>
   <subfield code="9">9798</subfield>
   <subfield code="a">000001</subfield>
   <subfield code="b">000001</subfield>
   <subfield code="d">2018-06-08</subfield>
   <subfield code="o">547.2 T121/T.1</subfield>
   <subfield code="p">MD.09188</subfield>
   <subfield code="r">2018-06-08</subfield>
   <subfield code="v">26000.00</subfield>
   <subfield code="w">2018-06-08</subfield>
   <subfield code="y">BK</subfield>
  </datafield>
  <datafield tag="952" ind1=" " ind2=" ">
   <subfield code="0">0</subfield>
   <subfield code="1">0</subfield>
   <subfield code="2">ddc</subfield>
   <subfield code="4">0</subfield>
   <subfield code="6">547_200000000000000_T121_T_1</subfield>
   <subfield code="7">0</subfield>
   <subfield code="9">9799</subfield>
   <subfield code="a">000001</subfield>
   <subfield code="b">000001</subfield>
   <subfield code="d">2018-06-08</subfield>
   <subfield code="o">547.2 T121/T.1</subfield>
   <subfield code="p">MD.09189</subfield>
   <subfield code="r">2018-06-08</subfield>
   <subfield code="v">26000.00</subfield>
   <subfield code="w">2018-06-08</subfield>
   <subfield code="y">BK</subfield>
  </datafield>
  <datafield tag="980" ind1=" " ind2=" ">
   <subfield code="a">Thư viện Trường Đại học Nam Cần Thơ</subfield>
  </datafield>
 </record>
</collection>
